000 00676nam a2200229Ia 4500
003 OSt
005 20221007071111.0
006 a|||||r|||| 00| 0
007 ta
008 221006b |||||||| |||| 00| 0 eng d
024 _a27,493
037 _cReports / Technical Reports
040 _aFLL
_cFLL
_beng
041 _2eng
_aeng
082 _aZ58,18, L2
100 _aOsakwe Chris
_9688129
245 0 _aParticipation of the Soviet Union in universal international organisations
260 _aLeiden
_bA. W. Sijthoff
_c1972
300 _axvi,194p
_ccm.
942 _hZ58,18, L2
_cREP
_2CC
999 _c1142452
_d1142452